Statistics for Famous Places of New York City Map quiz

Click here to take the quiz!

General Stats

  • This quiz has been taken 135 times
  • The average score is 12 of 23

Answers on the Map

Answers color-coded by a green-red scale on the quiz's map according to % correct below.
 

Answer Stats

Answer% Correct
Statue of Liberty
85%
9/11 Memorial Park
81%
Brooklyn Bridge
81%
Central Park
81%
Empire State Building
73%
John F. Kennedy Airport
65%
Times Square
62%
La Guardia Airport
59%
Brooklyn Hieghts Promenade
56%
Chrysler Building
56%
Staten Island Zoo
55%
Verrazzano-Narrows Bridge
55%
Governors Island
54%
Brooklyn Museum
53%
Deno's Wonder Whell Amusement Park
42%
New York Botanical Garden
35%
Prospect Park
28%
National Lighthouse Museum
27%
Latourette Park
26%
Snug Harbor Culture Cente and Botanical Garden
26%
Museum of Moving Image
24%
Unisphere
22%
New York Hall of Science
18%

Score Distribution

Percentile by Number Answered

Percent of People with Each Score

Your Score History

You have not taken this quiz